000 00623nam a2200217 a 4500
008
020 _a0256176884 (hbk.)
049 _aMAIN
090 _aTK146
_bRIZ
100 1 _aRizzoni, Giorgio
245 1 0 _aPrinciples and applications of electrical engineering /
_cGiorgio Rizzoni
260 _aHomewood :
_bIrwin,
_c1993
300 _axxi, 900 [45] p. :
_bill. ;
_c24 cm.
500 _aIncludes index.
650 1 _aElectric engineering.
907 _a.b10098136
_b21-12-10
_c28-11-03
003
005 20230123133641.0
040 _cNUST
942 _cBOOKS
_kTK146
_mRIZ
999 _c152260
_d152260